Preferencias arancelarias para la exportacion de manufacturas y semimanufacturas a los paises desarrollados (Registro nro. 8301)

Detalles MARC
000 -CABECERA
campo de control de longitud fija 00812nam a2200217Ia 4500
001 - NÚMERO DE CONTROL
campo de control 8301
003 - IDENTIFICADOR DEL NÚMERO DE CONTROL
campo de control 16652
005 - FECHA Y HORA DE LA ÚLTIMA TRANSACCIÓN
campo de control 20250410062545.0
008 - DATOS DE LONGITUD FIJA--INFORMACIÓN GENERAL
campo de control de longitud fija ||||||n9999 ||| || ||
041 ## - CÓDIGO DE LENGUA
Código de lengua del texto/banda sonora o título independiente spa
110 ## - ENTRADA PRINCIPAL--NOMBRE DE ENTIDAD CORPORATIVA
Nombre de entidad corporativa o nombre de jurisdicción como elemento de entrada Instituto Colombiano de Comercio Exterior
9 (RLIN) 82525
245 #0 - MENCIÓN DE TÍTULO
Título Preferencias arancelarias para la exportacion de manufacturas y semimanufacturas a los paises desarrollados
Resto del título sistema general de preferencias aprobado por la conferencia de las naciones unidas sobre comercio y desarrollo (UNCTAD) con especial refrencia al potencial colombiano
260 ## - PUBLICACIÓN, DISTRIBUCIÓN, ETC.
Lugar de publicación, distribución, etc. Bogotá :
Nombre del editor, distribuidor, etc. INCOMEX,
Fecha de publicación, distribución, etc. 1971.
300 ## - DESCRIPCIÓN FÍSICA
Extensión p.v.
562 ## - NOTA DE IDENTIFICACIÓN DE LA COPIA Y VERSIÓN
Número de copias 2
650 ## - PUNTO DE ACCESO ADICIONAL DE MATERIA--TÉRMINO DE MATERIA
Término de materia o nombre geográfico como elemento de entrada COLOMBIA
9 (RLIN) 14498
650 #0 - PUNTO DE ACCESO ADICIONAL DE MATERIA--TÉRMINO DE MATERIA
Término de materia o nombre geográfico como elemento de entrada Exportaciones
9 (RLIN) 8350
650 ## - PUNTO DE ACCESO ADICIONAL DE MATERIA--TÉRMINO DE MATERIA
Término de materia o nombre geográfico como elemento de entrada INDUSTRIAS MANUFACTURERAS
9 (RLIN) 5656
650 ## - PUNTO DE ACCESO ADICIONAL DE MATERIA--TÉRMINO DE MATERIA
Término de materia o nombre geográfico como elemento de entrada PAÍSES DESARROLLADOS
9 (RLIN) 14499
942 ## - ELEMENTOS DE PUNTO DE ACCESO ADICIONAL (KOHA)
Tipo de ítem Koha Documento Gobierno
Existencias
Estado de retiro Estado de pérdida Estado dañado No para préstamo Código de colección Localización permanente Ubicación/localización actual Coste, precio normal de compra Total de préstamos Signatura topográfica completa Código de barras Número de copia Tipo de ítem Koha
        Documentos de Gobierno Bogotá - Sede Central Bogotá - Sede Central 35000.00   D.G.1185 e1 19291 1 Documento Gobierno
        Documentos de Gobierno Bogotá - Sede Central Bogotá - Sede Central 35000.00   D.G.1185 e2 19292 2 Documento Gobierno